| 000 | 00696nam a2200181 a 4500 | ||
|---|---|---|---|
| 001 | 000028440 | ||
| 005 | 20240304103305.0 | ||
| 008 | 110408s2004 dr a 000 0 spa d | ||
| 040 |
_aDO-SdBNP _bspa _cBNPHU |
||
| 082 | _axxx | ||
| 110 | 1 |
_aRepública Dominicana. _b Secretaría de Estado de Medio Ambiente y Recursos Naturales _914503 |
|
| 245 | 1 | 0 | _aDiagnóstico de las pistas o aeródromos dedicados a aplicaciones aéreas de plaguisidas/. |
| 260 |
_aSanto Domingo : _bSecretaría de estado de Medio Ambiente y Recursos Naturales, _c2004. |
||
| 300 |
_a27 p. : _bil. ; _c20 cm. |
||
| 490 | 1 | _aSerie Estudios e Investigacón | |
| 830 | 0 |
_aSerie Estudios e Investigación _955385 |
|
| 049 | _aBNPD | ||
| 999 |
_c27932 _d27932 |
||